Importance of energy test procedure, energy efficiency standard and label on household refrigerator-freezers' energy consumption /
Saved in:
| Main Author: | |
|---|---|
| Format: | Thesis Book |
| Language: | English |
| Published: |
2001.
|
| Subjects: | |
| Tags: |
Add Tag
No Tags, Be the first to tag this record!
|
| LEADER | 01085cam a2200253 a 4500 | ||
|---|---|---|---|
| 001 | u488768 | ||
| 003 | SIRSI | ||
| 008 | 910820s2001 my t 00 10 eng m | ||
| 035 | |a ACR-2318 | ||
| 040 | |a UMJ | ||
| 097 | |a TJ7 |b UM 2001 Rah | ||
| 100 | 1 | |a Rahman, Saidur. | |
| 245 | 1 | 0 | |a Importance of energy test procedure, energy efficiency standard and label on household refrigerator-freezers' energy consumption / |c Saidur Rahman. |
| 260 | |c 2001. | ||
| 270 | 1 | |g Saidur Rahman. |a Universiti Malaya. Fakulti Kejuruteraan Mekanik. | |
| 300 | |a xvi, 114 leaves : |b ill. ; |c 28 cm. | ||
| 502 | |a Dissertation (M.Eng.Sc.) -- Jabatan Kejuruteraan Mekanik, Fakulti Kejuruteraan, Universiti Malaya, 2001. | ||
| 504 | |a Bibliography: leaves 94-103. | ||
| 650 | 0 | |a Refrigeration and refrigerating machinery |x Energy consumption. | |
| 650 | 0 | |a Refrigeration and refrigerating machinery |x Energy conservation | |
| 710 | 2 | 0 | |a Universiti Malaya. |b Jabatan Kejuruteraan Mekanik. |
| 948 | |a 10/10/2001 |b 25/02/2002 | ||
| 596 | |a 7 | ||
| 999 | |a TJ7 UM 2001 SAI |w LC |c 1 |i A510532355 |l STACKS |m P07JURUTER |r Y |s Y |t TESIS |u 26/2/2002 | ||
